Derecho penal
Guardat en:
| Autor principal: | |
|---|---|
| Format: | Llibre |
| Idioma: | espanyol |
| Publicat: |
Santiago
Nascimento
1935
|
| Matèries: | |
| Etiquetes: |
Afegir etiqueta
Sense etiquetes, Sigues el primer a etiquetar aquest registre!
|
MARC
| LEADER | 00000cam a2200000 a 4500 | ||
|---|---|---|---|
| 001 | UCS0164 | ||
| 003 | CL-VaPUC | ||
| 008 | 970418e19350000CL |||||||||||||||||spa|d | ||
| 082 | 0 | 4 | |a 345.83 |b RIO |2 21 |
| 100 | 0 | |a Río C., J. Raimundo del |e author |9 383324 | |
| 245 | 1 | 0 | |a Derecho penal |
| 300 | |a t | ||
| 942 | |c BK | ||
| 945 | |d 19970418 00:00:00 |a paguirre | ||
| 260 | |a Santiago |b Nascimento |c 1935 | ||
| 500 | |a t.1: la teoría y la historia | ||
| 500 | |a t.2: Legislación penal, parte general | ||
| 650 | 7 | |a DERECHO PENAL |2 CL-VaPUC |9 11 | |
| 650 | 7 | |a LEGISLACION |2 CL-VaPUC |9 383325 | |
| 650 | 0 | |a Ley penal |9 256611 | |
| 650 | 0 | |a Código penal |9 255935 | |
| 650 | 0 | |a Delitos |9 224143 | |
| 650 | 0 | |a Responsabilidad penal |9 254899 | |
| 650 | 0 | |a Atenuantes |9 380889 | |
| 650 | 0 | |a Penas |9 255927 | |
| 650 | 0 | |a Aplicación de la pena |9 336797 | |
| 651 | 7 | |a CHILE |2 CL-VaPUC |9 383326 | |
| 583 | |a last modification |c 20190830 10:03:01 |k Rodrigo Vera | ||
| 999 | |c 258407 |d 258405 | ||
| 952 | |0 0 |1 0 |4 0 |6 345_830000000000000_RIO_1935 |7 0 |8 A |9 282475 |a BIBDER |b BIBDER |d 2019-11-19 |e Mateluna Arestizabal, Alfredo Sergio |h t.2 |i 1831151 |o 345.83 RIO 1935 |p 1831151 |r 2023-01-25 |w 2019-11-19 |y BK |k DER | ||
| 952 | |0 0 |1 0 |3 erd |4 0 |6 345_830000000000000_RIO_1935 |7 0 |8 A |9 282476 |a BIBDER |b BIBDER |h v.1 |i 5596637 |o 345.83 RIO 1935 |p 5596637 |r 2023-01-25 |w 2019-11-19 |y BK |z Catalogado en:20190830 |k DER | ||